000 00558nam a2200169Ia 4500
008 240729s9999 xx 000 0 und d
022 _a2476-7271
245 0 _aInterdisciplinary Journal of Virtual Learning in Medical Sciences
260 _aIran, Islamic Republic of
260 _bShiraz University of Medical Sciences
650 _a Computer applications to medicine. Medical informatics
650 _a Medicine (General)
650 _aMedicine
856 _uhttps://doaj.org/toc/9b25345cb2f6446abc5d23d5f0b4c16c
942 _2ddc
942 _cDOAJEJ
999 _c71994
_d71994
945 _a1
_bMadushi Gamage
_c1
_dMadushi Gamage